1121 1493 1086 1859 1071 1917 1793 1118 1772 1729 1806 1539 1393 1201 1353 1553 1229 1400 1016 1405 1793 1643 1945 1382 1113 1890 1151 1603 1732 1429 1576 1560 1026 1121 1218 1132 1848 1596 1537 1510 1088 1569 1828 1784 1976 1644 1194 1357 1163 1264 1004 1392 1171 1645 1967 1358 1554 1295 1098 1941 1292 1625 1788 1708 1461 1333 1368 1318 1714 1248 1117 1737 1533 1052 1111 1705 1577 1890 1312 1316 1569 1238 1375 1478 1519 1770 1333 1307 1538 1497 1352 1052 1532 1295 1540 1617 1260 1046 1411 BCNSPRNW ULIB Ver.6.0+V

เปลี่ยนเป็นภาษาไทย

Change to English
 แสดงรายละเอียดบรรณานุกรม
  กลับหน้าหลัก

Brief Record : Get Marc (ISO 2709) : E-mail record : QR code < ปิดหน้าต่าง
LEADER : 00000nam 2200000uu 4500
001    13399126192
003     ULIB
008    180715s||||||||th 000 0 tha d
020    ^a9780521013338
050 00 ^aPE1128^bC172^cV.3
245 10 ^aCambridge practice tests for IELTS 3
260    ^aCambridge :^bCambridge University Press,^c2008
300    ^a172 p.:^bill. ;^c25 cm.
650 00 ^aInternational English Language Testing System.
650 00 ^aEnglish language^xExaminations, questions, etc.
650 00 ^aEnglish language^xTextbooks for foreign speakers
945    ^p0^l0^i26410
999    ^aกัณชพร จุลอักษร
รายการนี้ยังไม่มีแท็ก
คุณยังไม่ได้ล็อกอิน คุณสามารถมีกิจกรรมร่วมกับเว็บไซต์ได้ แต่ต้องล็อกอินก่อน ::
  ล็อกอิน

รายการสื่อสารสนเทศ

ลำดับที่ ประเภท เลขเรียก/บาร์โค้ด สถานที่ สถานะ
1. วิทยาศาสตร์การแพทย์ และสุขภาพ
วิทยาศาสตร์การแพทย์ และสุขภาพ
PE1128 C172 V.3 ฉ.1 
  Barcode: 26410
ห้องสมุดวิทยาเขตนครสวรรค์
►หนังสือทั่วไป:l:General Books
บนชั้น

รายการใกล้เคียง
    ชื่อเรื่อง [Cambridge practice tests for IELTS 3]

    หัวเรื่อง [International English Language Testing System.]

BibComment


ยังไม่เคยถูกคอมเมนท์

คอมเมนท์ทรัพยากรรายการนี้
  คอมเมนท์: Cambridge practi..


 Copyright 2026. Bcnsprnw @Library